000 00758nam a2200241 a 4500
001 BRCA_5267
005 20190320205017.0
008 301110s1962----nyua######---#000-0#eng-#
041 _aeng
044 _anyu
050 4 _aN7435
_b.C36 1962
100 1 _aCanaday, John
_913492
245 1 0 _aKeys to art
_ctext by John Canaday ; captions and commentary by Katherine H. Canaday ; layout and typography by Marcel Jacno.
260 _aNueva York
_bTudor
_c1962
300 _a182 p.
_bil. (algunas a color)
_c30 cm.
500 _aDonación Dr. Héctor Rivero Borrell Vázquez
650 1 4 _aArte
_xCrítica
_99434
650 1 4 _aEstética
_97755
700 1 _aCanaday, Katherine H.
_913493
700 1 _aJacno, Marcel
_913494
902 _aDHR
942 _2lcc
_cB
999 _c4961
_d4961